| 000 | 00885cab a2200289 4500 | ||
|---|---|---|---|
| 001 | ABS51441 | ||
| 008 | 090401t1994 xxu||||| |||| 00| 0 eng d | ||
| 035 | _a(Sirsi) u27001 | ||
| 041 | _aeng | ||
| 100 | _aRichardson, G. | ||
| 245 | _aGetting critical in Cumbria | ||
| 260 | _c1994 | ||
| 350 | _a0 | ||
| 490 |
_aPlanning Week _v2(39) 29 September 1994, 16-17(2) |
||
| 520 | _aConsiders how Cumbria CC seeks to balance planning and environmental factors in its consideration of a planning application from UK Nirex for an underground nuclear waste repository. | ||
| 650 | _aNUCLEAR WASTE | ||
| 650 | _aPLANNING CONTROL | ||
| 650 | _aPLANNING ISSUES | ||
| 650 | _aPOLLUTION CONTROL | ||
| 650 | _aPPG23 | ||
| 650 | _aRADIATION | ||
| 650 | _aWASTE CONTROL | ||
| 650 | _aWASTE MANAGEMENT | ||
| 690 | _aPLANNING LAW AND PRACTICE | ||
| 942 | _n0 | ||
| 948 | _c04/03/1997 | ||
| 999 |
_c18189 _d18189 |
||